| 000 | 00363nam a2200145Ia 4500 | ||
|---|---|---|---|
| 999 |
_c16303 _d16303 |
||
| 082 | _aRR 491.433 LAG; | ||
| 245 | 0 | _aLagu Hindi shabdhsagar | |
| 260 |
_aKasi _bNaagri Pracharini Sabha _c0 |
||
| 300 | _a1118p. | ||
| 440 | _aKosh granthmala; 3 | ||
| 504 | _aref .book | ||
| 650 | _aHindi language - Dictionaries | ||
| 700 | _aTripathi, Karuragpathi | ||
| 942 | _cBK | ||